01426pam a2200313 a 4500999001900000001000800019003000500027005001700032008004100049010001700090020001500107040001800122050002300140082001900163245012600182260004800308300003500356500016500391501000800556504004100564650004400605650005400649700002800703711012100731856008900852906004500941942001800986952010801004 c331924d3319242925638NUST20180117105335.0890725s1989 miua b 101 0 eng  a 89012897  a087371184X aDLCcDLCdDLC00aTD756.5b.C66 198900a628.35 HAM22000aConstructed wetlands for wastewater treatment :bmunicipal, industrial, and agricultural /c[Edited by] Donald A. Hammer. aChelsea, Mich. :bLewis Publishers,cc1989. axxii, 831 p. :bill. ;c25 cm. a"Proceedings from the First International Conference on Constructed Wetlands for Wastewater Treatment held in Chattanooga, Tennessee on June 13-17, 1988"--Pref. aH.B aIncludes bibliographical references. 0aConstructed wetlandsxCongresses.95858 0aSewagexPurificationxBiological treatment.926061 aHammer, Donald A.958592 aInternational Conference on Constructed Wetlands for Wastewater Treatmentn(1st :d1988 :cChattanooga, Tenn.)95860423Publisher descriptionuhttp://www.loc.gov/catdir/enhancements/fy0744/89012897-d.html a7bcbccorignewd1eocipf19gy-gencatlg 2ddccBKkIESE 00102ddc40708NFICaIESEbIESEcGENd2017-11-02l0o628.35 HAMpIESE-196r2017-11-02w2017-11-02yBK